| 000 | 01577nam a2200301Ia 4500 | ||
|---|---|---|---|
| 999 |
_c56184 _d56184 |
||
| 001 | 23285 | ||
| 003 | GE_BSU | ||
| 005 | 20230728132445.0 | ||
| 008 | 181216s2017||||ge |||||||||||||| ||geo|| | ||
| 020 | _a9789941260988 | ||
| 040 | _cGE_BSU | ||
| 041 | _ageo | ||
| 080 | _a005+388.48 უ-38 | ||
| 100 |
_aუკლება, მაია _919554 |
||
| 245 |
_aტურისტული დესტინაციის მენეჯმენტი = Tourusm destination management : _bსახელმძღვანელო / _cმაია უკლება ; რედაქტორი ნიკო კვარაცხელია. |
||
| 250 | _aI გამოცემა | ||
| 264 |
_aთბილისი : _bუნივერსალი, _c2017. |
||
| 300 |
_a212 გვ. ; _c28 სმ. |
||
| 500 | _aპროექტი დაფინანსებულია ევროკომისიის მხარდაჭერით | ||
| 504 | _aბიბლიოგრ. : გვ.193-198 | ||
| 520 | _aპროექტი დაფინანსებულია ევროკომისიის მხარდაჭერით. | ||
| 541 | _h15 ლ. | ||
| 653 | _aმენეჯმენტი | ||
| 653 | _aტურიზმის მენეჯმენტი | ||
| 653 | _aტურისტული დესტინაციის მენეჯმენტი = Tourusm destination management | ||
| 700 |
_aკვარაცხელია, ნიკო _eრედაქტორი _914268 |
||
| 942 |
_cBK _2udc |
||